Vicente Aleixandre
Guardat en:
| Autor principal: | |
|---|---|
| Format: | Llibre |
| Idioma: | espanyol |
| Publicat: |
Madrid
Ministerio de Cultura
1981
|
| Matèries: | |
| Etiquetes: |
Afegir etiqueta
Sense etiquetes, Sigues el primer a etiquetar aquest registre!
|
MARC
| LEADER | 00000nam a2200000 a 4500 | ||
|---|---|---|---|
| 001 | UCQ5323 | ||
| 003 | CL-VaPUC | ||
| 008 | 980925e19810000SP |||||||||||||||||spa|d | ||
| 082 | 0 | 4 | |a 861.09 |b CAN |2 21 |
| 100 | 0 | |a Cano, José Luis |e author |9 419457 | |
| 245 | 1 | 0 | |a Vicente Aleixandre |
| 300 | |a 161 p | ||
| 942 | |c BK | ||
| 945 | |d 19980925 00:00:00 |a crobeson | ||
| 260 | |a Madrid |b Ministerio de Cultura |c 1981 | ||
| 600 | 0 | 7 | |a ALEIXANDRE, VICENTE |2 CL-VaPUC |9 320133 |
| 650 | 0 | |a Poesía española |9 264938 | |
| 650 | 0 | |a Literatura española |9 306261 | |
| 650 | 0 | |a Crítica e interpretación |9 255042 | |
| 583 | |a last modification |c 19980925 00:00:00 |k Rodrigo Vera | ||
| 999 | |c 275536 |d 275534 | ||
| 952 | |0 0 |1 0 |4 0 |6 861_090000000000000_CAN_1981 |7 0 |8 A |9 312301 |a BIBEDU |b BIBEDU |d 2019-11-20 |i 1470426 |o 861.09 CAN 1981 |p 1470426 |r 2019-11-20 |w 2019-11-20 |y BK |k LIT | ||